Antología de Residencia en la Tierra. Residencia en la Tierra 1 y 2 y Tercera Residencia.

Guardat en:
Dades bibliogràfiques
Autor principal: Neruda, Pablo, 1904-1973 (autor)
Altres autors: Oses, Darío (selección y prólogo)
Format: Llibre
Publicat: Santiago, Chile: Copesa Editorial S.A., 2004.
Edició:Primera edición
Matèries:
Etiquetes: Afegir etiqueta
Sense etiquetes, Sigues el primer a etiquetar aquest registre!

MARC

LEADER 00000nam a22000007a 4500
003 CL-VaPUC
005 20241007163336.0
008 240924t2004 ||||| |||| 00| 0 eng d
999 |c 444824  |d 444822 
040 |c Pontificia Universidad Católica de Valparaíso 
082 7 |2 22  |a Ch861 NER 2004 
100 |a Neruda, Pablo,  |9 471955  |d 1904-1973  |e autor 
245 |a Antología de Residencia en la Tierra.  |b Residencia en la Tierra 1 y 2 y Tercera Residencia. 
250 |a Primera edición 
260 |a Santiago, Chile:  |b Copesa Editorial S.A.,  |c 2004. 
300 |a 108 páginas. 
500 |a c.1 Donación ELE 9-9-2024 
583 |c 20240924  |k Catalogador Asistente 
650 0 |a Poesía chilena   |9 268403 
700 |a Oses, Darío  |e selección y prólogo  |9 891633 
942 |2 ddc  |c BK 
952 |0 0  |1 0  |2 ddc  |4 0  |6 CH_861_000000000000000_NER_2004  |7 0  |8 A  |9 596943  |a BIBGIM  |b BIBGIM  |d 2024-09-24  |e Donación  |i 5662841  |o Ch861 NER 2004  |p 5662841  |r 2025-01-15  |t 1  |w 2024-09-24  |y BK  |k ELE